Lebegő szobrok Rókuson

Elmentve itt :
Bibliográfiai részletek
Szerzők: Nyilas Péter
Bánvölgyi László
Dokumentumtípus: Cikk
Megjelent: 1999-10-01
Sorozat:Délmagyarország 89 No. 229
Kulcsszavak:Bánvölgyi László, Szeged-Rókus, Szobrok Mária és Jézus másolat Szeged-Rókus
Online Access:http://dmarchiv.bibl.u-szeged.hu/87253
LEADER 00555nab a2200169 i 4500
001 delm87253
005 20191022130626.0
008 191022s1999 hu o 0|| hun d
040 |a SZTE Délmagyarország Archívum  |b hun 
041 |a hun 
100 1 |a Nyilas Péter 
245 1 0 |a Lebegő szobrok Rókuson  |h [elektronikus dokumentum] /  |c  Nyilas Péter 
260 |c 1999-10-01 
300 |a 6 
490 0 |a Délmagyarország  |v 89 No. 229 
695 |a Bánvölgyi László, Szeged-Rókus, Szobrok Mária és Jézus másolat Szeged-Rókus 
700 0 1 |a Bánvölgyi László  |e aut